00795nam a2200241Ia 4500003000400000005001700004008004100021020001500062040001800077041000800095082001800103100002800121245006000149250001200209260004300221300002800264650002200292650002400314650002800338942002700366999001900393952014100412OSt20241007112447.0210716s1993 xx 000 0 und d a1557864144 cAIMIT LIBRARY aeng a382 21bRICD aRicks, David A.9181577 aBlunders in international business /cBy David A Ricks. a1st ed. aU S A :bBlackwell Publishing ,c1993. aix,172p. ;bPBc22.5 cm aMarketing9181578 aTranslation9181579 aLessons learned9181580 2ddccBKe1stk382 RICD c200893d200893 00102ddc40708MBAaAIMITbAIMITd2006-04-03iBill no:; Bill dt:1900-01-00l0o382 RICDpMBA03459r2026-05-23 00:00:00w2021-07-16yBK